1369 1453 1483 1917 1635 1669 1814 1427 1743 1110 1776 1858 1950 1071 1821 1711 1068 1142 1035 1998 1953 1976 1756 1487 1499 1024 1008 1635 1290 1140 1522 1300 1015 1141 1502 1722 1807 1220 1099 1062 1305 1873 1970 1272 1214 1370 1265 1325 1113 1331 1607 1069 1751 1977 1999 1449 1125 1618 1830 1353 1303 1779 1394 1849 1572 1122 1233 1593 1483 1836 1607 1786 1607 1826 1294 1480 1903 1166 1363 1804 1195 1114 1118 1413 1275 1083 1533 1614 1272 1576 1620 1165 1315 1819 1347 1613 1548 1972 1434 BCNSPRNW ULIB Ver.6.0+V

เปลี่ยนเป็นภาษาไทย

Change to English
 แสดงรายละเอียดบรรณานุกรม
  กลับหน้าหลัก

Brief Record : Get Marc (ISO 2709) : E-mail record : QR code < ปิดหน้าต่าง
LEADER : 00000nam 2200000uu 4500
001    13399123395
003     ULIB
008    140910s2555||||th 000 0 tha d
020    ^a9789740330202
041 0  ^atha
060  4 ^aWT100^bผ749
100 0  ^aศิริพันธุ์ สาสัตย์,^eบรรณาธิการ
245 00 ^aผู้ช่วยดูแลผู้สูงอายุ :^bผู้ดูแลที่เป็นทางการและแนวทางในการประกันคุณภาพในประเทศไทย /^cศิริพันธุ์ สาสัตย์, บรรณาธิการ
250    ^aพิมพ์ครั้งที่ 1
260    ^aกรุงเทพฯ :^bสำนักพิมพ์แห่งจุฬาลงกรณ์มหาวิทยาลัย,^c2555
300    ^a233 หน้า :^bภาพประกอบ, ตาราง, แผนภูมิ ;^c26 ซม.
504    ^aมีบรรณานุกรมและดัชนี
650  7 ^aผู้สูงอายุ^xการดูแล
650  7 ^aผู้ดูแล
650  7 ^aประกันคุณภาพ
945    ^p190^l0^i20447
945    ^p190^l0^i20448
945    ^p190^l0^i20449
945    ^p190^l0^i20450
945    ^p190^l0^i20451
945    ^p190^l0^i20452
945    ^p190^l0^i20453
945    ^p190^l0^i20454
945    ^p190^l0^i20455
945    ^p190^l0^i20456
945    ^p190^l0^i20457
945    ^p190^l0^i20458
945    ^p190^l0^i20459
945    ^p190^l0^i20460
945    ^p190^l0^i20461
995    ทศพร
999    ^aทศพร เกษรทอง
รายการนี้ยังไม่มีแท็ก
คุณยังไม่ได้ล็อกอิน คุณสามารถมีกิจกรรมร่วมกับเว็บไซต์ได้ แต่ต้องล็อกอินก่อน ::
  ล็อกอิน

รายการสื่อสารสนเทศ

ลำดับที่ ประเภท เลขเรียก/บาร์โค้ด สถานที่ สถานะ
1. วิทยาศาสตร์การแพทย์ และสุขภาพ
หนังสือสำรอง
สถานะ=หนังสือสำรอง
WT100 ผ749 ฉ.1 
  Barcode: 20447
ห้องสมุดวิทยาเขตนครสวรรค์
►ส่วนจัดเก็บหนังสือเก่า นว.
บนชั้น
  ขอยืม
2. วิทยาศาสตร์การแพทย์ และสุขภาพ
วิทยาศาสตร์การแพทย์ และสุขภาพ
WT100 ผ749 ฉ.10 
  Barcode: 20456
ห้องสมุดวิทยาเขตนครสวรรค์
►ส่วนจัดเก็บหนังสือเก่า นว.
บนชั้น
  ขอยืม
3. วิทยาศาสตร์การแพทย์ และสุขภาพ
วิทยาศาสตร์การแพทย์ และสุขภาพ
WT100 ผ749 ฉ.11 
  Barcode: 20457
ห้องสมุดวิทยาเขตนครสวรรค์
►ส่วนจัดเก็บหนังสือเก่า นว.
บนชั้น
  ขอยืม
4. วิทยาศาสตร์การแพทย์ และสุขภาพ
วิทยาศาสตร์การแพทย์ และสุขภาพ
WT100 ผ749 ฉ.12 
  Barcode: 20458
ห้องสมุดวิทยาเขตนครสวรรค์
►ส่วนจัดเก็บหนังสือเก่า นว.
บนชั้น
  ขอยืม
5. วิทยาศาสตร์การแพทย์ และสุขภาพ
วิทยาศาสตร์การแพทย์ และสุขภาพ
WT100 ผ749 ฉ.13 
  Barcode: 20459
ห้องสมุดวิทยาเขตนครสวรรค์
►ส่วนจัดเก็บหนังสือเก่า นว.
บนชั้น
  ขอยืม
6. วิทยาศาสตร์การแพทย์ และสุขภาพ
วิทยาศาสตร์การแพทย์ และสุขภาพ
WT100 ผ749 ฉ.14 
  Barcode: 20460
ห้องสมุดวิทยาเขตนครสวรรค์
►ส่วนจัดเก็บหนังสือเก่า นว.
บนชั้น
  ขอยืม
7. วิทยาศาสตร์การแพทย์ และสุขภาพ
วิทยาศาสตร์การแพทย์ และสุขภาพ
WT100 ผ749 ฉ.15 
  Barcode: 20461
ห้องสมุดวิทยาเขตนครสวรรค์
►ส่วนจัดเก็บหนังสือเก่า นว.
บนชั้น
  ขอยืม
8. วิทยาศาสตร์การแพทย์ และสุขภาพ
วิทยาศาสตร์การแพทย์ และสุขภาพ
WT100 ผ749 ฉ.2 
  Barcode: 20448
ห้องสมุดวิทยาเขตนครสวรรค์
►ส่วนจัดเก็บหนังสือเก่า นว.
บนชั้น
  ขอยืม
9. วิทยาศาสตร์การแพทย์ และสุขภาพ
วิทยาศาสตร์การแพทย์ และสุขภาพ
WT100 ผ749 ฉ.3 
  Barcode: 20449
ห้องสมุดวิทยาเขตนครสวรรค์
►ส่วนจัดเก็บหนังสือเก่า นว.
บนชั้น
  ขอยืม
10. วิทยาศาสตร์การแพทย์ และสุขภาพ
วิทยาศาสตร์การแพทย์ และสุขภาพ
WT100 ผ749 ฉ.4 
  Barcode: 20450
ห้องสมุดวิทยาเขตนครสวรรค์
►ส่วนจัดเก็บหนังสือเก่า นว.
บนชั้น
  ขอยืม
11. วิทยาศาสตร์การแพทย์ และสุขภาพ
วิทยาศาสตร์การแพทย์ และสุขภาพ
WT100 ผ749 ฉ.5 
  Barcode: 20451
ห้องสมุดวิทยาเขตนครสวรรค์
►ส่วนจัดเก็บหนังสือเก่า นว.
บนชั้น
  ขอยืม
12. วิทยาศาสตร์การแพทย์ และสุขภาพ
วิทยาศาสตร์การแพทย์ และสุขภาพ
WT100 ผ749 ฉ.6 
  Barcode: 20452
ห้องสมุดวิทยาเขตนครสวรรค์
►ส่วนจัดเก็บหนังสือเก่า นว.
บนชั้น
  ขอยืม
13. วิทยาศาสตร์การแพทย์ และสุขภาพ
วิทยาศาสตร์การแพทย์ และสุขภาพ
WT100 ผ749 ฉ.7 
  Barcode: 20453
ห้องสมุดวิทยาเขตนครสวรรค์
►ส่วนจัดเก็บหนังสือเก่า นว.
บนชั้น
  ขอยืม
14. วิทยาศาสตร์การแพทย์ และสุขภาพ
วิทยาศาสตร์การแพทย์ และสุขภาพ
WT100 ผ749 ฉ.8 
  Barcode: 20454
ห้องสมุดวิทยาเขตนครสวรรค์
►ส่วนจัดเก็บหนังสือเก่า นว.
บนชั้น
  ขอยืม
15. วิทยาศาสตร์การแพทย์ และสุขภาพ
วิทยาศาสตร์การแพทย์ และสุขภาพ
WT100 ผ749 ฉ.9 
  Barcode: 20455
ห้องสมุดวิทยาเขตนครสวรรค์
►ส่วนจัดเก็บหนังสือเก่า นว.
บนชั้น
  ขอยืม

รายการใกล้เคียง
    หัวเรื่อง [ผู้สูงอายุ การดูแล]
    หัวเรื่อง [ผู้ดูแล]
    หัวเรื่อง [ประกันคุณภาพ]

BibComment


ยังไม่เคยถูกคอมเมนท์

คอมเมนท์ทรัพยากรรายการนี้
  คอมเมนท์: ผู้ช่วยดูแลผู้สู..


 Copyright 2026. Bcnsprnw @Library